| 000 | 00699nam a2200205 u 4500 | ||
|---|---|---|---|
| 005 | 20230829063535.0 | ||
| 008 | 100602s2008 ag r 000 0 spa d | ||
| 020 | _a9789870007494 | ||
| 035 | _aUPN01000176259 | ||
| 049 | _aCG | ||
| 050 | 4 |
_aBT966.3 _bA5.3 |
|
| 100 | 1 | _aAnderson, Joan Wester | |
| 245 | 1 | 0 |
_aEn los brazos de los ángeles : _bhistorias verdaderas de guardianes celestiales / _cJoan Wester Anderson ; tr. Alicia Lorefice. |
| 260 |
_aBuenos Aires : _bLumen, _c2008. |
||
| 300 | _a286 p. | ||
| 534 |
_pTítulo original: _tIn the arms of angels : true stories of heaventy guardians |
||
| 650 | 4 |
_aANGELES - _xCRISTIANISMO _917700 |
|
| 650 | 2 |
_aEspiritualidad _97223 |
|
| 905 | _aLibro | ||
| 999 |
_c148362 _d148362 |
||